Normal view MARC view

Entry Personal Name

Number of records used in: 1

001 - CONTROL NUMBER

  • control field: 86128

003 - CONTROL NUMBER IDENTIFIER

  • control field: dpl

005 - DATE AND TIME OF LATEST TRANSACTION

  • control field: 20251217124509.0

008 - FIXED-LENGTH DATA ELEMENTS

  • fixed length control field: 251217|| aca||aabn | a|a d

040 ## - CATALOGING SOURCE

  • Original cataloging agency: dpl
  • Transcribing agency: dpl

100 ## - HEADING--PERSONAL NAME

  • Dates associated with a name: Satyajit Singh
  • Personal name: Editor

670 ## - SOURCE DATA FOUND

  • Source citation: Work cat.: (dpl)213955: Environmental Politics at the Local: , 2024

© Delhi Public Library
Hit Counter
free hit counter